MDQL
is popping MORE tags! Check the
thread
!
Quizzes
Events
Quiz Creation
Community
Videos
Private Events
Remove Ads
Sign In
Join for FREE
Feedback
Dark Mode
Quiz Categories
Sports
Geography
Music
Movies
Television
Just For Fun
Miscellaneous
History
Literature
Language
Science
Gaming
Entertainment
Religion
Holiday
For Kids
Quiz Lab
Recent
Popular Today
Quiz Kudos Today
Editor Picks
Curator Picks
Quizzes by...
Day
Popularity
Type
Ratings
Length
Year
Community
Subscriptions
Recent Discussions
Orange Saloon
Badges
Playlists
Quests
Create
Leaderboards
Showdown
Live 5
Trivia Bingo
Activity
Puzzle Library
Sporcle Events
Private Events
Virtual Trivia
Globe League
Become a Host
Pub Owners
SporcleCon
Opinionation
Our Games
Videos
Blog
Mobile Apps
Partnerships
Remove Ads and Go Orange
Feedback
Sports
Athletes
MLB
NBA
NHL
NFL
Soccer
Sports Teams
WWE
NCAA
Football
Premier League
Basketball
Baseball
Hockey
Golf
Tennis
Cricket
Rugby
Auto Racing
Olympics
World Cup
Sports
Athletes
MLB
NBA
NHL
NFL
Soccer
Sports Teams
WWE
NCAA
Football
Premier League
Basketball
Baseball
Hockey
Golf
Tennis
Cricket
Rugby
Auto Racing
Olympics
World Cup
Random Quiz
Search Sporcle
×
Quiz Lab
Quiz Lab
Sports
last
Type in answers that appear in a list
Type in answers that appear in a list
Classic
Best Score? Go Orange.
Mets Players Last Name W Stats
Can you name the Mets Players Last Name Starting with W?
By
LSUToast85
10m
39 Questions
161 Plays
161 Plays
161 Plays
Comments
Comments
Give Quiz Kudos
Give Quiz Kudos
-
- Ratings
hide this ad
Replay
Link that replays current quiz
Next Quiz
Link to next quiz in quiz playlist
You Got
0%
They Got
Avg Score
55%
Avg Friend Score
Upgrade to see
Score Distribution
Jump to the score distribution portion of the page
Score
0/39
Timer
10:00
0
Plays Today
Years, Position
Player
% Correct
1999-
2004, C
Vance Wilson
94.4%
1996, P
Paul Wilson
94.4%
1980-
1989, OF
Mookie Wilson
94.4%
2004, C
Tom Wilson
93.8%
1998, OF
Preston Wilson
93.8%
2004-
2014, 3B
David Wright
91.9%
2006-
2007, P
David Williams
81.4%
2004-
2005, OF
Gerald Williams
81.4%
1971, P
Charlie Williams
81.4%
2013-
2014, P
Zack Wheeler
68.9%
2003-
2004, P
Dan Wheeler
67.7%
1988-
1989, P
David West
64%
2000-
2001, P
Rick White
62.1%
1997-
2001, P
Turk Wendell
58.4%
1980, RF
Claudell Washington
57.1%
2006-
2009, P
Billy Wagner
54%
2001, P
Donne Wall
54%
2003, LF
Matt Watson
52.8%
1995, 2001-
2002, P
Pete Walker
52.8%
2002, P
Tyler Walker
52.8%
Years, Position
Player
% Correct
1999, P
Allen Watson
52.8%
1992-
1993, IF
Chico Walker
52.8%
2002-
2004, IF
Ty Wigginton
50.3%
1968-
1971, IF
Al Weis
48.4%
1996, P
Derek Wallace
43.5%
1987-
1988, P
Gene Walter
41%
1972-
1976, P
Hank Webb
41%
1989-
1992, P
Wally Whitehurst
40.4%
1984, OF
Herm Winningham
35.4%
2005-
2006, IF
Chris Woodward
34.8%
1998, C
Rick Wilkins
34.8%
1962, OF
Gene Woodling
34.2%
2008, P
Matt Wise
33.5%
2002-
2004, P
David Weathers
31.1%
1993, P
Mickey Weston
29.8%
1963-
1965, P
Carl Willey
28.6%
1967, P
Billy Wynne
26.1%
1964, P
Bill Wakefield
25.5%
1967, P
Nick Willhite
23%
Quiz Playlist
Details
Report
Send in Message
Add To Playlist
Classic:
Type in answers that appear in a list
Last Updated: Feb 16, 2017
Quiz Scoreboard
CHALLENGE
Sign Up to Join the Scoreboard
Show All
Scores
Hide
Comments
May contain spoilers
Recently Published
Find the 'City' Movie
by crazypaving
Movies
60s
5x2 Blitz: Bands
by SL_Kpop136
Music
30s
Colored Red Africa Blitz
by spor1
Geography
30s
More to Explore
Quiz From the Vault
Featured Blog Post
14 Easter Pick-up Lines to Find Eggs With
hide this ad
You Might Also Like...
Tags
last
met
Player
Starting
Today's Top Quizzes in Sports
Browse Sports
hide this ad
Today's Top Quizzes in last
Browse last
Top Contributed Quizzes in Sports
1
Les entraîneurs de l'OM et du PSG au 21e siècle
2
Les meilleurs buteurs des matchs entre le PSG et l’OM
3
Players with Multiple 50 Home Run Seasons
4
2022 World Cup Stars
5
Les joueurs passés par le PSG et l'OM
6
NBA Logic Puzzle 2.0
7
Criteria MLB: Left Handed Sluggers
8
MLB Players with Two .350 Batting Average Seasons
9
Top 10 NHL Goal Scorers of All Time
10
Who Hit More Homers?
Explore More
Trending Topics
Anime
Crossword
Kpop
Disney
Marvel
Harry Potter
NBA
Puzzle
WWE
Song
Country
Soccer
The Office
NFL
Pokémon
hide this ad
More By:
LSUToast85
Quiz
Plays
Rating
Category
Featured
Created
Mets Players Last Name B
347
5.00
Sports
Sep 4, 2014
Mets Players Last Name C
267
5.00
Sports
Sep 22, 2014
Mets Players Last Name A
248
5.00
Sports
Sep 9, 2014
Mets Starting Pitchers Opening Day
238
5.00
Sports
Apr 6, 2015
Mets Players Last Name R
207
5.00
Sports
Sep 16, 2014
Go to Creator's Profile
Score Distribution
Quiz Creator Spotlight
LSUToast85
Follow
Send a Message
Quizzes Created
-
Created Quiz Play Count
-
More By This Creator
Popular Quizzes Today
1
Colored Red Africa Blitz
2
Find the 'City' Movie
3
Find the US States - No Outlines Minefield
4
5x2 Blitz: Bands
5
The Countries of the World
6
Find the US States
7
Find the Countries of Europe - No Outlines Minefield
8
US States
More Sports Quizzes
Get the Picture: Ryder Cup Europe vs. USA
Curator's Pick
Trending Quizzes
Colored Red Europe Blitz I
Colored Red Africa Blitz II
Colored Red Europe Blitz II
Colored Red Africa Blitz III
Colored Red Europe Blitz III
Recently Updated
How Do You Spell That?
pecheneg
Godzilla Movies
pecheneg
Grab Bag: 4-10 Letters
pecheneg
2024 March Madness Bracket
pecheneg
Famous TV Couples
Peacemaker
Champions League XIs: Real Madrid
pecheneg
Largest US Cities 1790-2010
pecheneg
Rides in Walt Disney World
pecheneg
Most Oscar Losses (Acting)
pecheneg
Beyoncé Albums
pecheneg
Trending Topics
Anime
Marvel
Harry Potter
Kpop
Disney
Crossword
NBA
Song
Country
Puzzle
The Office
Soccer
Pokémon
WWE
NFL
Your Account Isn't Verified!
In order to create a playlist on Sporcle, you need to verify the email address you used during registration. Go to your
Sporcle Settings
to finish the process.
Report this User
Report this user for behavior that violates our
Community Guidelines
.
Details:
Send Report
Go to the Sporcle.com Mobile Site →
Comments